| 000 | nam a22 7a 4500 | ||
|---|---|---|---|
| 999 |
_c329339 _d329339 |
||
| 003 | Nust | ||
| 005 | 20170503121914.0 | ||
| 008 | 170503b xxu||||| |||| 00| 0 eng d | ||
| 040 | _cNust | ||
| 082 |
_a297.1241 _bBUK |
||
| 100 | _aMuhammad bin Ismaeel Bukhari | ||
| 245 |
_aتفہیم البخاری عربی متن مع اردو شرح صحیح بخاری _bTafheem ul Bukhari arabi mattan maa urdu sharah Sahih Bukhari (VOL.2 & 3) |
||
| 260 |
_aLahore: _bAl-Mezan _c2009 |
||
| 300 | _avol | ||
| 650 | _aSahih Bukhari | ||
| 942 |
_2ddc _cBK |
||